000 00328nam a2200145Ia 4500
008 191201s2004 xx 000 0 und d
082 _a510
_bSAE
100 _aSASTRY, S S
245 0 _aEngineering Mathematics vol-2
250 _a3rd
260 _aN.Delhi
_bPHI
_c2004
300 _a662
650 _aApplied
942 _2ddc
_cBK
999 _c1612
_d1612